000
00315 a2200157 4500
001
180067
020
_a
040
_c
Magnum
100
_a
Haagensen, Christine
240
1
0
_a
Astronomia
_l
por
245
1
0
_a
Astronomia
362
0
_a
1899
440
1
_a
O Lutador
697
_a
MAGNITO: ASTRONOMIA
942
_c
BK
999
_c
180067
_d
180067